Justice gone / (Record no. 2810)

MARC details
000 -LEADER
fixed length control field 02096cam a2200313 i 4500
001 - CONTROL NUMBER
control field 2810
003 - CONTROL NUMBER IDENTIFIER
control field FISKH
005 - DATE AND TIME OF LATEST TRANSACTION
control field 20240116092910.0
008 - FIXED-LENGTH DATA ELEMENTS--GENERAL INFORMATION
fixed length control field 171115t20192018enk 000 1 eng
010 ## - LIBRARY OF CONGRESS CONTROL NUMBER
LC control number 2017961038
020 ## - INTERNATIONAL STANDARD BOOK NUMBER
International Standard Book Number 9781785358760
Qualifying information (pbk.)
040 ## - CATALOGING SOURCE
Original cataloging agency DLC
Language of cataloging eng
Description conventions rda
Transcribing agency DLC
Modifying agency DLC
042 ## - AUTHENTICATION CODE
Authentication code pcc
050 00 - LIBRARY OF CONGRESS CALL NUMBER
Classification number PR9199.4.L594
Item number J87 2019
082 00 - DEWEY DECIMAL CLASSIFICATION NUMBER
Classification number 813/.6
Edition number 23
100 1# - MAIN ENTRY--PERSONAL NAME
Personal name Lombardi, N.,
Titles and words associated with a name Jr.,
Relator term author.
245 10 - TITLE STATEMENT
Title Justice gone /
Statement of responsibility, etc. N. Lombardi Jr.
264 #1 - PRODUCTION, PUBLICATION, DISTRIBUTION, MANUFACTURE, AND COPYRIGHT NOTICE
Place of production, publication, distribution, manufacture Winchester, UK ;
-- Washington, USA :
Name of producer, publisher, distributor, manufacturer Roundfire Books,
Date of production, publication, distribution, manufacture, or copyright notice 2019.
264 #4 - PRODUCTION, PUBLICATION, DISTRIBUTION, MANUFACTURE, AND COPYRIGHT NOTICE
Date of production, publication, distribution, manufacture, or copyright notice 2018
300 ## - PHYSICAL DESCRIPTION
Extent 322 pages ;
Dimensions 22 cm
336 ## - CONTENT TYPE
Content type term text
Content type code txt
Source rdacontent
337 ## - MEDIA TYPE
Media type term unmediated
Media type code n
Source rdamedia
338 ## - CARRIER TYPE
Carrier type term volume
Carrier type code nc
Source rdacarrier
520 ## - SUMMARY, ETC.
Summary, etc. When a homeless war veteran is beaten to death by the police, stormy protests ensue, engulfing a small New Jersey town. Soon after, three cops are gunned down. A multi-state manhunt is underway for a cop killer on the loose. And Dr. Tessa Thorpe, a veteran's counselor, is caught up in the chase. Donald Darfield, an African-American Iraqi war vet, war-time buddy of the beaten man, and one of Tessa's patients, is holed up in a mountain cabin. Tessa, acting on instinct, sets off to find him, but the swarm of law enforcement officers get there first, leading to Darfield's dramatic capture. Now, the only people separating him from the lethal needle of state justice are Tessa and ageing blind lawyer, Nathaniel Bodine. Can they untangle the web tightening around Darfield in time, when the press and the justice system are baying for revenge? Justice Gone is the first in a series of psychological thrillers involving Dr Tessa Thorpe, wrapped in the divisive issues of modern American society including police brutality and disenfranchised returning war veterans. N Lombardi Jr. is the author of compelling and heartfelt novel The Plain of Jars.
655 #7 - INDEX TERM--GENRE/FORM
Genre/form data or focus term Suspense fiction.
Source of term gsafd
906 ## - LOCAL DATA ELEMENT F, LDF (RLIN)
a 7
b cbc
c orignew
d 2
e epcn
f 20
g y-gencatlg
942 ## - ADDED ENTRY ELEMENTS (KOHA)
Source of classification or shelving scheme Dewey Decimal Classification
Koha item type Books
Suppress in OPAC No
Holdings
Withdrawn status Lost status Source of classification or shelving scheme Damaged status Not for loan Collection Home library Current library Shelving location Date acquired Total Checkouts Full call number Barcode Date last seen Date last checked out Price effective from Koha item type
    Dewey Decimal Classification     Fiction Footprints International School Library Network Toul Kork Campus Footprints International School Library Network Toul Kork Campus   01/16/2024 1 LOM 363.2 HV8141.L663 2024-0032 01/06/2026 12/19/2025 01/16/2024 Books